El capitalismo en la era de la globalización
Uloženo v:
| Hlavní autor: | |
|---|---|
| Médium: | Kniha |
| Jazyk: | španělština |
| Vydáno: |
Barcelona
Paidós
1999
|
| Vydání: | 1a. ed |
| Edice: | Paidós Estado y Sociedad, 54
|
| Témata: | |
| Tagy: |
Přidat tag
Žádné tagy, Buďte první, kdo vytvoří štítek k tomuto záznamu!
|
MARC
| LEADER | 00000cam a2200000 a 4500 | ||
|---|---|---|---|
| 001 | UCM8329 | ||
| 003 | CL-VaPUC | ||
| 008 | 030307e19990000SP |||||||||||||||||spa|d | ||
| 020 | |a 8449306388 | ||
| 082 | 0 | 4 | |a 330.122 |b AMI |2 21 |
| 100 | 0 | |a Amin, Samir |e author |9 474336 | |
| 245 | 1 | 3 | |a El capitalismo en la era de la globalización |
| 250 | |a 1a. ed | ||
| 300 | |a 188 p | ||
| 942 | |c BK | ||
| 945 | |d 20030307 00:00:00 |a vberengu | ||
| 260 | |a Barcelona |b Paidós |c 1999 | ||
| 650 | 0 | |a Capitalismo |9 255255 | |
| 650 | 7 | |a SISTEMAS ECONOMICOS |2 CL-VaPUC |9 474337 | |
| 650 | 0 | |a Factores de producción |9 365052 | |
| 650 | 0 | |a Acumulación de capital |9 383921 | |
| 650 | 7 | |a SISTEMAS MONETARIOS |2 CL-VaPUC |9 342366 | |
| 650 | 0 | |a Desarrollo económico y social |9 256320 | |
| 650 | 0 | |a Globalización |9 361930 | |
| 583 | |a last modification |c 20170224 11:21:07 |k Rodrigo Vera | ||
| 490 | 0 | |a Paidós Estado y Sociedad, 54 | |
| 999 | |c 302865 |d 302863 | ||
| 952 | |0 0 |1 0 |4 0 |6 330_122000000000000_AMI_1999 |7 0 |8 A |9 363664 |a BIBEDU |b BIBEDU |d 2019-11-21 |i 3868699 |o 330.122 AMI 1999 |p 3868699 |r 2019-11-21 |w 2019-11-21 |y BK |k PSI | ||
| 952 | |0 0 |1 0 |3 erb |4 0 |6 330_122000000000000_AMI_1999 |7 0 |8 A |9 363665 |a BIBENE |b BIBENE |i 5327970 |o 330.122 AMI 1999 |p 5327970 |r 2025-01-15 |w 2019-11-21 |y BK |z Catalogado en:20170226 |k ICO | ||